Valoración del Estado de Salud : (Record no. 22743)

000 -CABECERA
fixed length control field 01016nam a22002897i 4500
003 - IDENTIFICADOR DEL NÚMERO DE CONTROL
control field AR-CdUCM
008 - DATOS DE LONGITUD FIJA--INFORMACIÓN GENERAL
fixed length control field 231027b20132013pe a|||| |||| 001 0 spa d
040 ## - FUENTE DE LA CATALOGACIÓN
Agencia/entidad que catalogó originalmente la obra MUNICIPALIDAD PROVINCIAL DEL CUSCO
Entidad que transcribió la catalogación BIBLIOTECA MUNICIPAL DEL CUSCO
082 ## - NÚMERO DE LA CLASIFICACIÓN DECIMAL DEWEY
No. de Clasificación 610.7302 / A49
Notacion interna A49
100 ## - ENTRADA PRINCIPAL--NOMBRE DE PERSONA
Nombre Personal Álvarez Infantas, Lourdes Elcira
245 ## - MENCIÓN DE TÍTULO
Título Valoración del Estado de Salud :
Resto del título La salud es frágil /
260 ## - PUBLICACIÓN, DISTRIBUCIÓN, ETC.
Lugar de publicación, distribución, etc. Sicuani-Cusco :
Fecha de publicación, distribución, etc. 2013.
Nombre de la editorial, distribuidor, etc. OFFSET "Ríos",
300 ## - DESCRIPCIÓN FÍSICA
Nº de Páginas Extensión 117 páginas. :
Dimensiones 21 cm.
Otros detalles físicos ilustraciones ;
500 ## - NOTA GENERAL
Bibliografía Bibliografía: página 117
505 ## - NOTA DE CONTENIDO CON FORMATO
Nota de contenido formateada Examen físico de salud -- Valoración física -- Auscultación -- Piel -- Cabeza --Cuello -- Boca -- Tórax -- Pulmones -- Oídos
650 ## - PUNTO DE ACCESO ADICIONAL DE MATERIA--TÉRMINO DE MATERIA
Descriptor Valoración física
9 (RLIN) 49054
650 ## - PUNTO DE ACCESO ADICIONAL DE MATERIA--TÉRMINO DE MATERIA
Descriptor Audición
9 (RLIN) 13603
650 ## - PUNTO DE ACCESO ADICIONAL DE MATERIA--TÉRMINO DE MATERIA
Descriptor Piel
9 (RLIN) 49055
650 ## - PUNTO DE ACCESO ADICIONAL DE MATERIA--TÉRMINO DE MATERIA
Descriptor Cuello
9 (RLIN) 49056
650 ## - PUNTO DE ACCESO ADICIONAL DE MATERIA--TÉRMINO DE MATERIA
Descriptor Cabeza
9 (RLIN) 49057
650 ## - PUNTO DE ACCESO ADICIONAL DE MATERIA--TÉRMINO DE MATERIA
Descriptor Uñas
9 (RLIN) 49058
650 ## - PUNTO DE ACCESO ADICIONAL DE MATERIA--TÉRMINO DE MATERIA
Descriptor Cabello
9 (RLIN) 49059
650 ## - PUNTO DE ACCESO ADICIONAL DE MATERIA--TÉRMINO DE MATERIA
Descriptor Boca
9 (RLIN) 49060
942 ## - ELEMENTOS DE PUNTO DE ACCESO ADICIONAL (KOHA)
Fuente de clasificación
Tipo de item Libros-BMC
945 ## - PROCESAMIENTO DE INFORMACIÓN LOCAL (OCLC)
Catalogador pebm
AAAA-MM-DD - Fecha de ingreso o modificacion 2023-10-27
Holdings
Estado de retiro (separado) Fuente de clasificación o esquema de estanterías Estado dañado Ubicación Sala donde se ubica Nombre de la colección Fecha de adquisición o compra Fuente de adquisición Costo, precio normal en soles Signatura topográfica Código de Barras Última vez visto (Koha) Tipo de ítem (Koha)
No     Sala Ciencias Sala Ciencias Book Cart 2023-10-27 Donación 10.00 610.7302 / A49 SC0000002373 2023-10-27 Libros-BMC

Powered by Koha